Sports Quiz

Random Sports Quiz

FBS Bowl Records Quiz Stats

Quiz not verified by Sporcle

Challenge
Share
Tweet
Embed
Score 0/20 Timer 05:00
0 Plays Today
Win Pct. Team % Correct
.750 (12-4)Utah Utes
76.9%
.778 (7-2)Miami (OH) Redhawks
71.8%
.645 (31-16)Southern California Trojans
66.7%
.651 (27-14-2)Penn State Nittany Lions
59%
.636 (7-4)Boise State Broncos
53.8%
.636 (21-12)Ole Miss Runnin' Rebels
51.3%
.750 (6-2)Marshall Thundering Herd
46.2%
.667 (6-3)Wake Forest Demon Deacons
43.6%
.615 (8-5)Oregon State Beavers
41%
.619 (13-8)Oklahoma State Cowboys
38.5%
Win Pct. Team % Correct
.600 (3-2)Army Golden Knights
38.5%
.667 (4-2)South Florida Bulls
35.9%
.667 (4-2)Rutgers Scarlet Knights
35.9%
.615 (22-14-2)Florida State Seminoles
35.9%
.611 (21-13-2)Auburn Tigers
35.9%
.636 (7-4)Toledo Rockets
33.3%
.602 (26-17-1)Oklahoma Sooners
30.8%
.600 (6-4)Washington State Cougars
25.6%
.600 (3-2)Connecticut Huskies
15.4%
.625 (5-3)San Jose State Spartans
5.1%

You're not logged in!

Compare scores with friends on all Sporcle quizzes.
Join for Free
OR
Log In

You Might Also Like...

Show Comments

Extras

Top Quizzes Today


Score Distribution

Your Account Isn't Verified!

In order to create a playlist on Sporcle, you need to verify the email address you used during registration. Go to your Sporcle Settings to finish the process.

Report this User

Report this user for behavior that violates our Community Guidelines.

Details: